000 00797nam0a2200253 4500
001 RU\NLR\bibl\373832
005 20250622151343.0
035 _a(NLR Aleph) 000368332
090 _a379577
_c379577
100 _a20030305d1990 |||y0rusy50 ca
101 0 _arus
102 _aRU
105 _ay |||||||||
200 1 _aОрлиное гнездо
_e(Ист. очерки Л.П. Чекиной)
210 _aКасимов
_cБ.и.
_d1990
215 _a32, [1] с.
_d20
607 _aКасимовский район (Рязанская область)
_xИстория
_92273681
_3RU\NLR\auth\661362658
686 _aТ3(2Р-4Ря)
700 1 _aЧекина
_bЛ. П.
_4070
801 0 _aRU
_bNLR
_c20030305
_gPSBO
801 1 _aRU
_bNLR
_c20030305
942 _cBOOK
980 _aNB